000 00280nam a2200097Ia 4500
082 _a150.198 LEIM
245 0 _aPositive psychology for dummies
100 _a LEIMON, Averil Chichester, West Sussex, 2009
_974963
942 _cBK
008 210817s9999 xx 000 0 und d
999 _c247493
_d247492